| 000 | 00635nam a22002177a 4500 | ||
|---|---|---|---|
| 999 |
_c2569 _d2569 |
||
| 003 | OSt | ||
| 005 | 20200130124649.0 | ||
| 008 | 151113b xxu||||| |||| 00| 0 eng d | ||
| 020 | _a9780470596753 | ||
| 040 | _cDDC | ||
| 082 | _a658.4 BES 2001 | ||
| 100 |
_aEdited by Carter, Louis; Giber, David; Goldsmith, Marshall _96161 |
||
| 245 | _aBest Practices in Organization Development and Change | ||
| 260 |
_aSan Francisco; _bJossey-Bass, _c2001 |
||
| 300 |
_axx,551p; _bIll: _c24CM |
||
| 504 | _aIndex included | ||
| 600 |
_a _96162 |
||
| 650 |
_aOrganization practice _9481 |
||
| 650 |
_aHuman resource _95954 |
||
| 942 |
_2ddc _cO_SHELF |
||